000 00452nam a2200169Ia 4500
008 090711s9999 xx 000 0 und d
082 _b64824
100 _aबांदोडकर व. पु.
245 _aटायगर
260 _c1990
300 _a198
600 _aबांदोडकर व. पु.
630 _aटायगर
700 _aबांदोडकर व. पु.
730 _aटायगर
942 _cBOOK
999 _c299229
_d299229